| 000 | 00835nam a2200217Ia 4500 | ||
|---|---|---|---|
| 001 | 11882 | ||
| 003 | GE_BSU | ||
| 008 | 181216s||||||||xx |||||||||||||| ||und|| | ||
| 040 | _cGE_BSU | ||
| 080 | _a636(47+57) | ||
| 100 | _aშტეიმანი ს.ი. | ||
| 245 | _aროგორ შეიქმნა კარავაევოს რეკორდული საქონელი | ||
| 245 | _cრედ: ა. ბედიაშვილი მთარგმ: შ. ჟვანია | ||
| 260 | _aთბილისი | ||
| 260 | _bსახელგამი | ||
| 260 | _c1950 | ||
| 300 | _a267გვ.19სმ. | ||
| 300 | _eილ. ცხრილები | ||
| 653 | _aროგორ შეიქმნა კარავაევოს რეკორდული საქონელი | ||
| 942 | _cBK | ||
| 999 |
_c45059 _d45059 |
||